000 00506nam a2200169 i 4500
001 22483
003 ES-MaACL
005 20230906152714.0
007 t|
008 021203s1914 sp ||||1| spa d
100 1 _aAltamira, Rafael,
_d1866-1951
_920515
245 1 0 _aCuestiones de Historia del derecho y de Legislación comparada /
_cRafael Altamira.
260 _aMadrid :
_b[s.n.,
_c1914] (
_fSuc. Hernando)
300 _a402 p. ;
_c19 cm.
852 _aES-MaACL
_jF-8812
999 _c22483
_d22483